[Event "Villa Ballester op 73rd"]
[Site "Buenos Aires"]
[Date "2024.01.20"]
[Round "3"]
[White "Mouly, Juan Cruz"]
[Black "Wardak, Dante"]
[Result "1-0"]
[WhiteElo "1864"]
[BlackElo "1690"]
[PlyCount "97"]
[EventDate "2024.01.19"]
[EventType "swiss"]
[EventRounds "9"]
[EventCountry "ARG"]
[SourceTitle "CB06_2024"]
[SourceDate "2024.02.07"]
[SourceVersion "1"]
[SourceVersionDate "2024.02.07"]
[SourceQuality "1"]

1. c4 e5 2. Nc3 d6 3. d3 f5 4. g3 Nf6 5. Bg2 Be7 6. e3 0-0 7. Nge2 Nc6 8. 0-0 Qe8 9. Nd5 Bd8 10. Nec3 Ne7 11. b4 c6 12. Nxf6+ Rxf6 13. f4 Bb6 14. Na4 exf4 15. Nxb6 axb6 16. exf4 d5 17. Be3 Be6 18. Bd4 Rg6 19. c5 bxc5 20. bxc5 Qd7 21. Qb3 h5 22. Rfb1 h4 23. Qxb7 Ra4 24. Qxd7 Bxd7 25. Bf2 hxg3 26. hxg3 Bc8 27. a3 Ba6 28. d4 Nc8 29. Rb4 Bb5 30. Rxa4 Bxa4 31. Rb1 Kh7 32. Rb4 Bb5 33. a4 Bc4 34. Bf1 Bxf1 35. Kxf1 Re6 36. Rb8 Re8 37. a5 Nd6 38. Rxe8 Nxe8 39. a6 Nc7 40. a7 Kg6 41. Kg2 Kf6 42. Be1 g6 43. Ba5 Na8 44. Kh3 Kg7 45. Kh4 Kh6 46. Bd8 Kh7 47. Kg5 Kg7 48. Bf6+ Kf7 49. Be5 1-0

[Event "Olavarria-ch sf Los"]
[Site "Olavarria"]
[Date "2020.02.22"]
[Round "1.4"]
[White "Mouly, Juan Cruz"]
[Black "Ramirez, Emilio"]
[Result "0-1"]
[WhiteElo "1581"]
[BlackElo "2249"]
[PlyCount "44"]
[EventDate "2020.02.22"]
[EventType "swiss"]
[EventRounds "6"]
[EventCountry "ARG"]
[SourceTitle "EXT 2024"]
[Source "ChessBase"]
[SourceDate "2023.10.10"]
[SourceVersion "1"]
[SourceVersionDate "2023.10.10"]
[SourceQuality "1"]

1. d4 Nf6 2. c4 d6 3. Nc3 g6 4. Nf3 Bg7 5. Bf4 0-0 6. e4 Nc6 7. Be2 Bg4 8. h3 Bxf3 9. Bxf3 Nd7 10. Be3 e5 11. d5 Nd4 12. Bxd4 exd4 13. Nb5 Ne5 14. Nxd4 Nxf3+ 15. Nxf3 Bxb2 16. Rb1 Bc3+ 17. Ke2 Re8 18. Kd3 Ba5 19. Rb5 c6 20. Rb2 cxd5 21. cxd5 Qc8 22. Qb3 Bb6 0-1

[Event "Berisso Manrique op 6th"]
[Site "Berisso"]
[Date "2019.08.18"]
[Round "4.6"]
[White "Mouly, Juan Cruz"]
[Black "Sosa, Carlos"]
[Result "1/2-1/2"]
[WhiteElo "1495"]
[BlackElo "1523"]
[PlyCount "50"]
[EventDate "2019.08.15"]
[EventType "swiss"]
[EventRounds "6"]
[EventCountry "ARG"]
[SourceTitle "EXT 2024"]
[Source "ChessBase"]
[SourceDate "2023.10.10"]
[SourceVersion "1"]
[SourceVersionDate "2023.10.10"]
[SourceQuality "1"]

1. d4 e6 2. c4 f5 3. Nf3 Nf6 4. Nc3 c6 5. Bg5 Be7 6. e3 d5 7. Ne5 0-0 8. f4 Nbd7 9. h3 Nxe5 10. dxe5 Ne4 11. Bxe7 Qxe7 12. Nxe4 fxe4 13. Qc2 Qc5 14. Qc3 a5 15. cxd5 Qxc3+ 16. bxc3 cxd5 17. c4 Bd7 18. cxd5 exd5 19. Be2 g6 20. 0-0 b5 21. Rab1 b4 22. a3 Rfb8 23. axb4 axb4 24. Rb2 Rb6 25. Rfb1 Rab8 1/2-1/2

[Event "Berisso Manrique op 6th"]
[Site "Berisso"]
[Date "2019.08.16"]
[Round "2.9"]
[White "Farchich, Diego Francisco1111"]
[Black "Mouly, Juan Cruz"]
[Result "0-1"]
[WhiteElo "1586"]
[BlackElo "1495"]
[PlyCount "56"]
[EventDate "2019.08.15"]
[EventType "swiss"]
[EventRounds "6"]
[EventCountry "ARG"]
[SourceTitle "EXT 2024"]
[Source "ChessBase"]
[SourceDate "2023.10.10"]
[SourceVersion "1"]
[SourceVersionDate "2023.10.10"]
[SourceQuality "1"]

1. d4 d5 2. Nf3 Nf6 3. Bf4 Bf5 4. e3 e6 5. Nbd2 Bd6 6. Ne5 0-0 7. Be2 Ne4 8. Bf3 Nxd2 9. Qxd2 f6 10. Nd3 Qe7 11. Bxd6 Qxd6 12. g4 Bg6 13. Nf4 Be8 14. h4 c6 15. g5 e5 16. Ne2 fxg5 17. dxe5 Qxe5 18. Qd4 Qxd4 19. Nxd4 gxh4 20. Rxh4 Nd7 21. 0-0-0 Ne5 22. Be2 Rxf2 23. Rdh1 Bg6 24. Bh5 Be4 25. Rg1 c5 26. Ne6 Rxc2+ 27. Kd1 Rg2 28. Rf1 Bc2+ 0-1

[Event "ARG-ch U12"]
[Site "Villa Martelli"]
[Date "2018.02.13"]
[Round "9.1"]
[White "Mouly, Juan Cruz"]
[Black "Chiappero, Julio Alfredo"]
[Result "1/2-1/2"]
[WhiteElo "1296"]
[BlackElo "1578"]
[PlyCount "62"]
[EventDate "2018.02.09"]
[EventType "swiss"]
[EventRounds "9"]
[EventCountry "ARG"]
[SourceTitle "EXT 2024"]
[Source "ChessBase"]
[SourceDate "2023.10.10"]
[SourceVersion "1"]
[SourceVersionDate "2023.10.10"]
[SourceQuality "1"]

1. d4 f5 2. c4 Nf6 3. Nc3 g6 4. Nf3 Bg7 5. Bg5 0-0 6. g3 d6 7. Bg2 Nbd7 8. 0-0 c6 9. Re1 h6 10. Bxf6 Nxf6 11. e4 fxe4 12. Nxe4 Bg4 13. Nxf6+ Rxf6 14. h3 Bxf3 15. Bxf3 Qf8 16. Re3 Qf7 17. Qe2 e5 18. dxe5 dxe5 19. Rf1 Rf8 20. Bg2 a6 21. Rxe5 Rxf2 22. Rxf2 Qxf2+ 23. Qxf2 Rxf2 24. Kxf2 Bxe5 25. b3 Kf7 26. g4 Ke6 27. Ke3 h5 28. gxh5 gxh5 29. Bf3 h4 30. Bg4+ Kd6 31. Ke4 Bg3 1/2-1/2

[Event "ARG-ch U12"]
[Site "Villa Martelli"]
[Date "2018.02.12"]
[Round "8.2"]
[White "Mouly, Juan Cruz"]
[Black "Najurieta Cano, Tiziano"]
[Result "1-0"]
[WhiteElo "1296"]
[BlackElo "1365"]
[PlyCount "129"]
[EventDate "2018.02.09"]
[EventType "swiss"]
[EventRounds "9"]
[EventCountry "ARG"]
[SourceTitle "EXT 2024"]
[Source "ChessBase"]
[SourceDate "2023.10.10"]
[SourceVersion "1"]
[SourceVersionDate "2023.10.10"]
[SourceQuality "1"]

1. d4 Nf6 2. Bg5 Ne4 3. Bh4 d5 4. e3 c5 5. dxc5 Nxc5 6. c4 g6 7. Nc3 Qb6 8. Nxd5 Qd6 9. Bg3 Qd7 10. Nc7+ Kd8 11. Qxd7+ Bxd7 12. Nxa8 Nba6 13. b4 Nxb4 14. Kd1 Nba6 15. Nf3 Bg7 16. Nd4 Ba4+ 17. Kd2 Ne4+ 18. Ke1 Nxg3 19. hxg3 Kc8 20. Be2 Kb8 21. Bd1 Bd7 22. Ke2 Kxa8 23. Bb3 h5 24. Rad1 Nc5 25. f3 Kb8 26. Rd2 a6 27. Rhd1 Kc7 28. Rf1 h4 29. Rh1 hxg3 30. Rxh8 Bxh8 31. Nc2 Be6 32. Nb4 Bd7 33. Nd5+ Kd8 34. Nb6 Kc7 35. Nxd7 Nxd7 36. Ba4 Nf6 37. Rc2 Nd7 38. Bxd7 Kxd7 39. f4 e5 40. Kf3 exf4 41. exf4 Ke6 42. Kxg3 Kf5 43. Kf3 Bg7 44. g4+ Ke6 45. Rd2 Bf6 46. c5 Be7 47. Rb2 Bxc5 48. Rxb7 a5 49. a4 Bb4 50. Ke4 f5+ 51. gxf5+ gxf5+ 52. Kd4 Bd2 53. Rb6+ Ke7 54. Ke5 Be3 55. Rb7+ Kd8 56. Kxf5 Kc8 57. Rh7 Bd4 58. Ke6 Bc3 59. f5 Kd8 60. f6 Bb4 61. f7 Kc7 62. f8Q+ Kb6 63. Qc8 Bd6 64. Rb7+ Ka6 65. Qc6# 1-0

[Event "Platense-ch"]
[Site "La Plata"]
[Date "2018.01.09"]
[Round "5"]
[White "Mouly, Juan Cruz"]
[Black "Coronel, Nestor"]
[Result "1-0"]
[WhiteElo "1418"]
[BlackElo "1635"]
[PlyCount "54"]
[EventDate "2018.01.03"]
[EventType "swiss"]
[EventRounds "9"]
[EventCountry "ARG"]
[SourceTitle "EXT 2019"]
[Source "ChessBase"]
[SourceDate "2018.10.10"]
[SourceVersion "1"]
[SourceVersionDate "2018.10.10"]
[SourceQuality "1"]

1. d4 Nf6 2. c4 g6 3. Nc3 Bg7 4. Bf4 d6 5. Nf3 0-0 6. e3 Nbd7 7. Be2 b6 8. 0-0 Re8 9. Re1 Bb7 10. h3 c5 11. Rc1 Ne4 12. Nd2 f5 13. Ndxe4 fxe4 14. d5 Nf6 15. Bg5 Bc8 16. b3 Bf5 17. Bxf6 exf6 18. Bg4 Bxg4 19. hxg4 f5 20. Qe2 Qg5 21. Nb5 Be5 22. Nc7 f4 23. exf4 Qxf4 24. Qf1 Rf8 25. Nxa8 Rxa8 26. Rcd1 h5 27. Re3 Rf8 1-0